000 00557nam a2200217Ia 4500
003 OSt
005 20220928145538.0
006 a|||||r|||| 00| 0
007 ta
008 220927b |||||||| |||| 00| 0 eng d
024 _a81102
037 _cTextual
040 _aSDCL
_cSDCL
_beng
041 _2eng
_aeng
082 _aO122vN, 111L4
100 _aBenedikt Michael
_9513330
245 0 _aPoetry of surrealism
_b An anthology.
260 _c1974
942 _hO122vN, 111L4
_cTEXL
_2CC
999 _c833975
_d833975